| 000 | 00346 a2200109 4500 | ||
|---|---|---|---|
| 001 | ART_10481 | ||
| 005 | 20260410161848.0 | ||
| 008 | 260409a | ||
| 245 | 1 | 0 | _aUna nota sobre la distribución del ingreso en un modelo Ricardiano |
| 100 | 1 | _aPorto, Alberto | |
| 773 | 0 |
_tEconómica _g- Año XXII, Nº 1 (ene./abr.1976) _wREV7541 |
|
| 999 |
_c24772 _d24772 |
||